| 000 | 00765nam a22002297a 4500 | ||
|---|---|---|---|
| 999 |
_c3604 _d3604 |
||
| 003 | AR-CdUCM | ||
| 008 | 190306b ||||| |||| 00| 0 spa d | ||
| 020 | _a84-211-0298-2 | ||
| 040 |
_aMUNICIPALIDAD PROVINCIAL DEL CUSCO _cBIBLIOTECA MUNICIPAL DEL CUSCO |
||
| 082 |
_a869.56 / _bM12 |
||
| 100 |
_aMacmurray, John _911783 |
||
| 245 |
_aEl yo como agente : _bLa forma de lo personal / |
||
| 260 |
_aBarcelona : _bBarral, _c1973. |
||
| 300 |
_a244 paginas ; _c20 cm. |
||
| 505 | _aLa crisis de lo personal -- Kant y los románticos -- El rechazo del dualismo -- Agente y sujeto ... | ||
| 650 |
_aLiteratura inglesa _91015 |
||
| 650 |
_aConciencia _911784 |
||
| 650 |
_aFilosofĂa _9395 |
||
| 700 |
_aGhergo, Emilio _911785 |
||
| 942 |
_2ddc _cLIBROS |
||
| 945 | _aacv | ||